| 000 | 00731nam a22002172 4500 | ||
|---|---|---|---|
| 001 | 0000007190 | ||
| 005 | 20151217152025.0 | ||
| 008 | 071128s xx 000 0 eng d | ||
| 020 |
_a1403996282 : _cKES 7312.50 |
||
| 040 |
_aKABU _cKABU |
||
| 100 | 1 |
_aTily, Geoff. _@0000158294 |
|
| 245 | 1 | 0 |
_aKeynes's general theory, the rate of interet and 'Keynesian' economics : _bKeynes betrayed / _cGeoff Tily. |
| 260 |
_aBasingstoke, England : _bPalgrave Macmillan, _c2007. |
||
| 300 | _ax, 346 p. | ||
| 650 | 0 |
_aKeynesian economics. _@0000150174 |
|
| 650 | 0 |
_aMacroeconomics. _@0000149933 |
|
| 908 | _a071128 | ||
| 950 | _@1 | ||
| 999 |
_c7437 _d7437 |
||